Central Asia-India dialogue: building a partnership on the foundation of rich cultural and historical heritage (Record no. 11364)

MARC details
000 -LEADER
fixed length control field 00466nam a2200145Ia 4500
082 ## - DEWEY DECIMAL CLASSIFICATION NUMBER
Classification number 954 INT-C
245 #0 - TITLE STATEMENT
Title Central Asia-India dialogue: building a partnership on the foundation of rich cultural and historical heritage
260 ## - PUBLICATION, DISTRIBUTION, ETC. (IMPRINT)
Place of publication Tashkent
Name of publisher Lal Bahadur Shastri Center for India Cul
Year of publication 2008
300 ## - PHYSICAL DESCRIPTION
Number of Pages 1xii, 312
650 ## - SUBJECT ADDED ENTRY--TOPICAL TERM
Topical Term World Politics
650 ## - SUBJECT ADDED ENTRY--TOPICAL TERM
Topical Term Indology
700 ## - ADDED ENTRY--PERSONAL NAME
Personal name Bakshi, Jyotsna
710 ## - ADDED ENTRY--CORPORATE NAME
Corporate name or jurisdiction name as entry element International indology seminar
942 ## - ADDED ENTRY ELEMENTS (KOHA)
Koha item type Books
Source of classification or shelving scheme Dewey Decimal Classification
Holdings
Withdrawn status Lost status Damaged status Not for loan Home library Current library Date acquired Bill Date Full call number Accession Number Price effective from Koha item type
        NASSDOC Library NASSDOC Library 27/04/2009 2009-03-27 954 INT-C 45631 18/04/2019 Books